<?xml version='1.0' encoding='UTF-8'?>
  <record xmlns="http://www.loc.gov/MARC21/slim">
    <leader>00000cam a2200000 i 4500</leader>
    <controlfield tag="001">ocm66984620</controlfield>
    <controlfield tag="003">OCoLC</controlfield>
    <controlfield tag="005">20251001203057.4</controlfield>
    <controlfield tag="008">900709s1744    ne            000 0 dut d</controlfield>
    <datafield tag="040" ind1=" " ind2=" ">
      <subfield code="a">NLGGC</subfield>
      <subfield code="b">dut</subfield>
      <subfield code="e">fobidrtb</subfield>
      <subfield code="c">NLGGC</subfield>
      <subfield code="d">QGJ</subfield>
      <subfield code="d">OCLCA</subfield>
      <subfield code="d">L2U</subfield>
      <subfield code="d">OCLCO</subfield>
      <subfield code="d">OCLCL</subfield>
      <subfield code="d">OCLCQ</subfield>
    </datafield>
    <datafield tag="029" ind1="0" ind2=" ">
      <subfield code="a">NLGGC</subfield>
      <subfield code="b">196560187</subfield>
    </datafield>
    <datafield tag="035" ind1=" " ind2=" ">
      <subfield code="a">(OCoLC)66984620</subfield>
    </datafield>
    <datafield tag="084" ind1=" " ind2=" ">
      <subfield code="a">11.75</subfield>
      <subfield code="2">bcl</subfield>
    </datafield>
    <datafield tag="100" ind1="1" ind2=" ">
      <subfield code="a">Capitein, Jacobus</subfield>
      <subfield code="q">(Jacobus Elisa Joannes),</subfield>
      <subfield code="d">1717-1747.</subfield>
      <subfield code="1">https://id.oclc.org/worldcat/entity/E39PBJqKbHvhwfpTbjfHWwDyVC</subfield>
    </datafield>
    <datafield tag="245" ind1="1" ind2="4">
      <subfield code="a">Het groote genadeligt Gods in zyne dienaaren onder de bediening der genade, ontdekt in een intree-predicatie over 2 Corinthen IV: 6 /</subfield>
      <subfield code="c">door Jacobus Elisa Joannes Capitein ; en op zyn verzoek uitg. door Hieronymus de Wilhem.</subfield>
    </datafield>
    <datafield tag="260" ind1=" " ind2=" ">
      <subfield code="a">Te Leiden, :</subfield>
      <subfield code="b">Jacobus de Beunje ;</subfield>
      <subfield code="a">T' Amsterdam, :</subfield>
      <subfield code="b">De Janssoons van Waasberge,</subfield>
      <subfield code="c">1744.</subfield>
    </datafield>
    <datafield tag="300" ind1=" " ind2=" ">
      <subfield code="a">[14], 28 p. ;</subfield>
      <subfield code="c">in-4.</subfield>
    </datafield>
    <datafield tag="336" ind1=" " ind2=" ">
      <subfield code="a">tekst</subfield>
      <subfield code="b">txt</subfield>
      <subfield code="2">rdacontent/dut</subfield>
    </datafield>
    <datafield tag="337" ind1=" " ind2=" ">
      <subfield code="a">zonder medium</subfield>
      <subfield code="b">n</subfield>
      <subfield code="2">rdamedia/dut</subfield>
    </datafield>
    <datafield tag="338" ind1=" " ind2=" ">
      <subfield code="a">band</subfield>
      <subfield code="b">nc</subfield>
      <subfield code="2">rdacarrier/dut</subfield>
    </datafield>
    <datafield tag="510" ind1="0" ind2=" ">
      <subfield code="a">Van der Haar</subfield>
    </datafield>
    <datafield tag="530" ind1=" " ind2=" ">
      <subfield code="a">Titel is geselecteerd voor digitalisering voor de Universiteit van Leiden in het kader van het Google Books-project.</subfield>
    </datafield>
    <datafield tag="650" ind1=" " ind2="7">
      <subfield code="a">11.75 homiletics.</subfield>
      <subfield code="0">(NL-LeOCL)077594487</subfield>
      <subfield code="2">bcl</subfield>
    </datafield>
    <datafield tag="655" ind1=" " ind2="7">
      <subfield code="a">Preken (vorm)</subfield>
      <subfield code="2">gtt</subfield>
      <subfield code="0">(NL-LeOCL)105413275</subfield>
    </datafield>
    <datafield tag="700" ind1="1" ind2=" ">
      <subfield code="a">Wilhem, Hieronymus de,</subfield>
      <subfield code="d">1720-1766.</subfield>
      <subfield code="1">https://id.oclc.org/worldcat/entity/E39PCjC9G4jkvqbRtQp7f4JCPP</subfield>
    </datafield>
    <datafield tag="758" ind1=" " ind2=" ">
      <subfield code="a">Het groote genadeligt Gods in zyne dienaaren onder de bediening der genade, ontdekt in een intree-predicatie over 2 Corinthen IV: 6 (Text)</subfield>
      <subfield code="1">https://id.oclc.org/worldcat/entity/E39PCXjD4yd6RVKBtBX6jrDxwC</subfield>
      <subfield code="4">https://id.oclc.org/worldcat/ontology/hasWork</subfield>
    </datafield>
    <datafield tag="776" ind1="0" ind2=" ">
      <subfield code="t">Het groote genadeligt Gods in zyne dienaaren onder de bediening der genade, ontdekt in een intree-predicatie over 2 Corinthen IV: 6</subfield>
      <subfield code="w">(NL-LeOCL)37283101X</subfield>
    </datafield>
    <datafield tag="776" ind1="0" ind2=" ">
      <subfield code="t">Het groote genadeligt Gods in zyne dienaaren onder de bediening der genade, ontdekt in een intree-predicatie over 2 Corinthen IV: 6</subfield>
      <subfield code="w">(NL-LeOCL)411650726</subfield>
    </datafield>
    <datafield tag="936" ind1=" " ind2=" ">
      <subfield code="a">BATCHLOAD</subfield>
    </datafield>
  </record>